000
00313nam a22001217a 4500
008
220208b ||||| |||| 00| 0 eng d
050
_a
370
_b
1
100
_a
CBSE
245
_a
Teachers Resource (For Achieving Learning Outcomes Classes-1 to10)
260
_a
New Delhi
_b
CBSE
300
_a
603.P
942
_2
ddc
_c
BK
999
_c
11969
_d
11969